The Copyright Ordinance, 1962: (Record no. 613054)
[ view plain ]
| 000 -LEADER | |
|---|---|
| fixed length control field | 00304nam a22001217a 4500 |
| 082 ## - DEWEY DECIMAL CLASSIFICATION NUMBER | |
| Classification number | 346.5491 |
| Author Mark | COP |
| 245 ## - TITLE STATEMENT | |
| Title | The Copyright Ordinance, 1962: |
| Remainder of title | P.L.H Bare Act Series. |
| 260 ## - PUBLICATION, DISTRIBUTION, ETC. | |
| Place of publication, distribution, etc. | Lahore: |
| Name of publisher, distributor, etc. | Pakistan Law House, |
| Date of publication, distribution, etc. | 2022. |
| 300 ## - PHYSICAL DESCRIPTION | |
| Extent | 420p. ; |
| 563 ## - BINDING INFORMATION | |
| Binding note | HB |
| 650 ## - SUBJECT ADDED ENTRY--TOPICAL TERM | |
| Topical term or geographic name entry element | Law |
| 942 ## - ADDED ENTRY ELEMENTS (KOHA) | |
| Source of classification or shelving scheme | |
| Koha item type | Book |
| 650 ## - SUBJECT ADDED ENTRY--TOPICAL TERM | |
| -- | 35302 |
| Withdrawn status | Lost status | Source of classification or shelving scheme | Damaged status | Not for loan | Permanent Location | Current Location | Date acquired | Total Checkouts | Full call number | Barcode | Date last seen | Price effective from | Koha item type | Source of acquisition |
|---|---|---|---|---|---|---|---|---|---|---|---|---|---|---|
| NUST Law School (NLS) | NUST Law School (NLS) | 03/03/2025 | 346.5491 COP | NLS-709 | 03/03/2025 | 03/03/2025 | Book | |||||||
| NUST Law School (NLS) | NUST Law School (NLS) | 03/03/2025 | 346.5491 COP | NLS-710 | 03/03/2025 | 03/03/2025 | Book | |||||||
| NUST Law School (NLS) | NUST Law School (NLS) | 03/03/2025 | 346.5491 COP | NLS-711 | 03/03/2025 | 03/03/2025 | Book | |||||||
| NUST Law School (NLS) | NUST Law School (NLS) | 06/26/2025 | 346.5491 COP | NLS-2015 | 06/26/2025 | 06/26/2025 | Book | Pakistan Law House | ||||||
| NUST Law School (NLS) | NUST Law School (NLS) | 06/26/2025 | 346.5491 COP | NLS-2016 | 06/26/2025 | 06/26/2025 | Book | Pakistan Law House | ||||||
| NUST Law School (NLS) | NUST Law School (NLS) | 06/26/2025 | 346.5491 COP | NLS-2017 | 06/26/2025 | 06/26/2025 | Book | Pakistan Law House |
